000 00477nam a2200181Ia 4500
005 20260704175958.0
008 260704s9999||||xx |||||||||||||| ||und||
020 _a9780141007007
_qpbk
082 _a823
_bDAS
100 _aDas, Manoj
245 0 _aSelected fiction
260 _aGurgaon
_bPenguin Random House India
_c2001
300 _avii, 349p. ; 20cm.
653 _aIndia Fiction
653 _aIndia Fiction
653 _aShort stories, Indic (English)
942 _cBK
999 _c57382
_d57382